000 00270nam a22001217a 4500
003 SGT
082 _a342.094
_bSUD
100 _aSUDEEP
245 _aTHE ARTICLE 356 OF THE CONSTITUTION OF INDIA AN ANALYTICAL STUDY
260 _c2016
300 _a87
942 _2ddc
_cTH
999 _c17928
_d17928